000 00249nam a2200097Ia 4500
001 932323
005 20250826214924.0
008 250824s9999 xx 000 0 und d
245 0 _aMETEHANIN OĞLU
_cAHMET HALDUN TERZİOĞLU
260 _bPANAMA YAYINLARI
999 _c932323
_d932323